000 00670nam a22001817a 4500
003 UA-OsUOA
001 17683
007 ta
008 20040322b un ||||| |||| 00| 0 ukr d
100 _aОгородник М.
942 _cSA
040 _aUA-OsUOA
_cUA-OsUOA
_dUA-OsUOA
245 _a"Згадаймо предків наших, щоб історія перед нами не згасла...": [У Рівнен. краєзн. музеї одночасно відкрито три експозиції]
300 _aС.8
955 _a0
773 0 _w0
_tНове життя
_dЗдолбунів
_d2004
_g№16/17/28 лют./
650 7 _aВиставки
_2UDC
999 _c303851
_d303851